000 00774nam0a22002411 4500
001 v19\rc\2057705
005 20250620023802.0
035 _a(NLR Aleph) 005135002
090 _a4746582
_c4746582
100 _a20081111d1908 |||y0rusy50 ca
101 0 _arus
102 _aRU
105 _ay z |||||
200 1 _aДоклад Б.Г. Шмерельсона по поводу торгово-ссудного дела в Нижнем-Новгороде
210 _aНижний Новгород
_cтип. Виленского
_d[1908]
215 _a3 с.
_d29
309 _aБез тит. л. и обл.
700 1 _aШмерельсон
_bБ.Г.
801 0 _aRU
_bNLR
_gpsbo
801 1 _aRU
_bProSoft-M
_2rusmarc
852 _aNLR
_j34.85.3.403
942 _cBOOK
980 _aNB